| 000 | 04317cam a22013214i 4500 | ||
|---|---|---|---|
| 003 | PE-LiUPU | ||
| 005 | 20250813185323.0 | ||
| 008 | 160304s2015 spa a rb 000 0 spa d | ||
| 020 | _a9788471128065 | ||
| 020 | _a8471128063 | ||
| 035 | _a(Sirsi) a156382 | ||
| 040 |
_aPE-LiUPU _bspa _cPE-LiUPU _erda |
||
| 082 | 0 | 4 |
_a301 _bF63 |
| 100 | 1 |
_aFlick, Uwe, _d1956- |
|
| 245 | 1 | 3 |
_aEl diseño de investigación cualitativa / _cUwe Flick ;traducido por Tomás del Amo y Carmen Blanco. |
| 300 |
_a167 páginas : _bilustraciones ; _c24 centímetros. |
||
| 490 | 0 | _aColección: Investigación cualitativa | |
| 500 | _aGlosario: páginas 154-158. | ||
| 504 | _aBibliografía: páginas 159-163. | ||
| 504 | _aÍndice: páginas 164-167. | ||
| 505 | 0 |
_gvolumen 1. _a¿Qué es la investigación cualitativa? -- De una idea a una pregunta de investigación -- Muestreo, selección y acceso -- Diseño de investigación cuantitativa -- Recursos y Obstáculos -- La calidad en la investigación cualitativa -- La ética en la investigación cualitativa -- Datos verbales -- Datos etnográficos y visuales -- Análisis de datos cualitativos -- El diseño de investigaciones cualitativas: algunas conclusiones. |
|
| 526 | _aP202 | ||
| 526 | _aP201 | ||
| 526 | _aP163 | ||
| 526 | _aP162 | ||
| 526 | _aP161 | ||
| 526 | _aP160 | ||
| 526 | _aP148 | ||
| 526 | _aP147 | ||
| 526 | _aP146 | ||
| 526 | _aP145 | ||
| 526 | _aP144 | ||
| 526 | _aP143 | ||
| 526 | _aP142 | ||
| 526 | _aP141 | ||
| 526 | _aP140 | ||
| 526 | _aP139 | ||
| 526 | _aP138 | ||
| 526 | _aP137 | ||
| 526 | _aP136 | ||
| 526 | _aP135 | ||
| 526 | _aP134 | ||
| 526 | _aP133 | ||
| 526 | _aP129 | ||
| 526 | _aP128 | ||
| 526 | _aP127 | ||
| 526 | _aP120 | ||
| 526 | _aP119 | ||
| 526 | _aP118 | ||
| 526 | _aP116 | ||
| 526 | _aP115 | ||
| 526 | _aP114 | ||
| 526 | _aP110 | ||
| 526 | _aP109 | ||
| 526 | _aP108 | ||
| 526 | _aP104 | ||
| 526 | _aP103 | ||
| 526 | _aP102 | ||
| 526 | _aP99 | ||
| 526 | _aP98 | ||
| 526 | _aP97 | ||
| 526 | _aP96 | ||
| 526 | _aP95 | ||
| 526 | _aP93 | ||
| 526 | _aP90 | ||
| 526 | _aP89 | ||
| 526 | _aP88 | ||
| 526 | _aP83 | ||
| 526 | _aP82 | ||
| 526 | _aP62 | ||
| 526 | _aP59 | ||
| 526 | _aP58 | ||
| 526 | _aP57 | ||
| 526 | _aP51 | ||
| 526 | _aP49 | ||
| 526 | _aP48 | ||
| 526 | _aP47 | ||
| 526 | _aP29 | ||
| 526 | _aP24 | ||
| 526 | _aP20 | ||
| 526 | _aP19 | ||
| 526 | _aP17 | ||
| 526 | _aP15 | ||
| 526 | _aP14 | ||
| 526 | _aP12 | ||
| 526 | _aP10 | ||
| 526 | _aP09 | ||
| 526 | _aP08 | ||
| 526 | _aP07 | ||
| 526 | _aP06 | ||
| 526 | _aP05 | ||
| 526 | _aP04 | ||
| 526 | _aP01 | ||
| 534 |
_aTítulo original : _tDesigning qualitative research. |
||
| 541 | _gFA3-00000165801; | ||
| 541 | _g048-0005596; | ||
| 650 | 0 | 4 |
_aCiencias sociales _xInvestigaciones. |
| 650 | 0 | 4 | _aInvestigación social. |
| 650 | 0 | 4 |
_aSociología _xMetodología. |
| 700 | 1 |
_aAmo, Tomás del, _etraductor. |
|
| 700 | 1 |
_aBlanco, Carmen, _etraductora. |
|
| 596 | _a1 2 | ||
| 942 |
_2ddc _cBOOK |
||
| 949 |
_a301 F63 _wDEWEY _c1 _i72847 _lCCODEBUL1 _mBUL _p19,96 _r0 _sY _tBOOK _u2016-04-05 _oSTAFF.Coleción General |
||
| 949 |
_a301 F63 _wDEWEY _c2 _i72848 _lCCODEBUL1 _mBUL _p19,96 _r0 _sY _tBOOK _u2016-04-05 _oSTAFF.Coleción General |
||
| 949 |
_a301 F63 _wDEWEY _c1 _iFT03162 _lCCODEBUT1 _mBUT _p21.78 _r0 _sY _tBOOK _u2017-09-25 _xFCE _PP08 _0COMPRA _o.STAFF. Colección General |
||
| 999 |
_a301 F63 _wDEWEY _c9064 _i72847 _f2021-11-4 _g4 _lCCODEBUL1 _mBUL _p19.96 _r0 _sY _tBOOK _u2016-3-4 _xBIBLIOTECA _PP69 _0COMPRA _o.STAFF. Colección General _d9064 |
||
| 999 |
_a301 F63 _wDEWEY _c2 _i72848 _f2021-11-4 _g4 _lCCODEBUL1 _mBUL _p19.96 _r0 _sY _tBOOK _u2016-3-4 _xBIBLIOTECA _PP69 _0COMPRA _o.STAFF. Colección General |
||
| 999 |
_a301 F63 _wDEWEY _c3 _i75938 _f2021-11-4 _g3 _lCCODEBUL1 _mBUL _p6.00 _r0 _sY _tBOOK _u2017-5-19 _xBIBLIOTECA _PP22 _0COMPRA _o.STAFF. Colección Ciencias de la Salud |
||
| 999 |
_a301 F63 2015 _wDEWEY _c1 _iFT03165 _lCCODEBUT1 _mBUT _p21.78 _r0 _sY _tBOOK _u2017-9-25 _xFCE _PP08 _0COMPRA _o.STAFF. Coleccion General |
||
| 264 |
_aMadrid : _bEdiciones Morata , _c2015. |
||
| 980 |
_81 _gALBERTO SANCHEZ Responsable de Automatización |
||